000 00487nam a22001817a 4500
003 koha_MIRAKIL
005 20231213095648.0
008 231213b |||||||| |||| 00| 0 ||| d
020 _b978-9-75622710-7
040 _aTR-IsEVY
_btur
_cTR-IsEVY
082 _a833 NÖS/S
100 _aNÖSTLİNGER, CHRISTINE.
245 0 _aSUSİ'NİN GİZLİ GÜNLÜĞÜ / PAUL'UN GİZLİ GÜNLÜĞÜ.
260 _bGünışığı,
_c2012
300 _a62.
650 _aEdebiyat.
942 _2ddc
_cBK
999 _c7367
_d7367